000 00787nam a2200181Ia 4500
008 090124s9999 xx 000 0 und d
082 _b29028
100 _aनाईकवाडे डॉ. ज. घु.
245 _a राष्ट्रवाद आणि आधुनिक मराठी कविता
250 _a1
260 _bसाहित्य प्रसार केंद्र
_c1989
300 _a540+20
600 _aनाईकवाडे डॉ. ज. घु.
630 _a राष्ट्रवाद आणि आधुनिक मराठी कविता
700 _aनाईकवाडे डॉ. ज. घु.
730 _a राष्ट्रवाद आणि आधुनिक मराठी कविता
942 _cBOOK
999 _c95700
_d95700